| 000 | 01260nam a22003015a 4500 | ||
|---|---|---|---|
| 003 | EG-ScBUE | ||
| 005 | 20221030122853.0 | ||
| 008 | 170314s2013 ua a f c 000 0 ara d | ||
| 020 | _a9789773341404 | ||
| 040 |
_aEG-ScBUE _bara _erda _cEG-ScBUE _dEG-ScBUE |
||
| 041 | 0 |
_aara _acop |
|
| 082 | 0 | 4 |
_a493.23927 _bق ا م _222 |
| 245 | 0 | 0 |
_aقاموس اللغة القبطية : _bللهجتين البحيرية والصعيدية : قبطي - عربي / _cجمع وترتيب معوض داود عبد النور. |
| 250 | _aالطبعة الثالثة. | ||
| 264 | 1 |
_aالقاهرة : _bالمركز الثقافي القبطي الأرثوذكسي، _c2013. |
|
| 300 |
_a1038 صفحة ؛ _c28 سم |
||
| 336 |
_2rdacontent _aنص _btxt |
||
| 337 |
_2rdamedia _aبدون وسيط _bn |
||
| 338 |
_2rdacarrier _aمجلد _bnc |
||
| 541 |
_cإهداء ؛ _aالمركز الثقافي القبطي الأرثوذكسي. |
||
| 650 | 7 |
_aاللغة العربية _vمعاجم _xاللغة القبطية. _2BUEsh |
|
| 650 | 7 |
_aاللغة القبطية _vمعاجم _xاللغة العربية. _2BUEsh |
|
| 651 | _2BUEsh | ||
| 653 |
_bGGEN _cMarch2017 |
||
| 655 | _vReading book | ||
| 700 | 1 |
_aعبد النور، معوض داود، _eجامع. |
|
| 942 | _2ddc | ||
| 999 |
_c24420 _d24392 |
||